Verbal learning and verbal behavior
Αποθηκεύτηκε σε:
| Κύριος συγγραφέας: | |
|---|---|
| Μορφή: | Βιβλίο |
| Γλώσσα: | Αγγλικά |
| Έκδοση: |
Nueva York
McGraw-Hill
1961
|
| Σειρά: | McGraw-Hill Series in Psichology
|
| Θέματα: | |
| Ετικέτες: |
Προσθήκη ετικέτας
Δεν υπάρχουν, Καταχωρήστε ετικέτα πρώτοι!
|
MARC
| LEADER | 00000nam a2200000 a 4500 | ||
|---|---|---|---|
| 001 | UCQ2417 | ||
| 003 | CL-VaPUC | ||
| 008 | 980724e19610000US |||||||||||||||||eng|d | ||
| 082 | 0 | 4 | |a 401.93 |b COF |2 21 |
| 100 | 0 | |a Cofer, Charles N |e author |9 416322 | |
| 245 | 1 | 0 | |a Verbal learning and verbal behavior |
| 300 | |a 241 p | ||
| 942 | |c BK | ||
| 945 | |d 19980724 00:00:00 |a crobeson | ||
| 260 | |a Nueva York |b McGraw-Hill |c 1961 | ||
| 650 | 0 | |a Aprendizaje verbal |9 343575 | |
| 650 | 7 | |a COMPORTAMIENTO LINGUISTICO |2 CL-VaPUC |9 336280 | |
| 650 | 0 | |a Psicolingüística |9 283371 | |
| 650 | 7 | |a CONFERENCIAS |2 CL-VaPUC |9 416324 | |
| 583 | |a last modification |c 19980724 00:00:00 |k Rodrigo Vera | ||
| 490 | 0 | |a McGraw-Hill Series in Psichology | |
| 999 | |c 273241 |d 273239 | ||
| 952 | |0 0 |1 0 |4 0 |6 401_930000000000000_COF_1961 |7 0 |8 A |9 308635 |a BIBEDU |b BIBEDU |d 2019-11-20 |i 1445324 |o 401.93 COF 1961 |p 1445324 |r 2019-11-20 |w 2019-11-20 |y BK |k LIT | ||